<?xml version="1.0" encoding="UTF-8"?><marc:collection xmlns:marc="http://www.loc.gov/MARC21/slim">
  <marc:record>
    <marc:leader>09268cam a2201585 c 4500</marc:leader>
    <marc:controlfield tag="001">271758848</marc:controlfield>
    <marc:controlfield tag="003">DE-627</marc:controlfield>
    <marc:controlfield tag="005">20260322112626.0</marc:controlfield>
    <marc:controlfield tag="007">tu</marc:controlfield>
    <marc:controlfield tag="008">930416s1992    gw ||||| m    00| ||ger c</marc:controlfield>
    <marc:datafield tag="015" ind1=" " ind2=" ">
      <marc:subfield code="a">92,N38,0267</marc:subfield>
      <marc:subfield code="2">dnb</marc:subfield>
    </marc:datafield>
    <marc:datafield tag="015" ind1=" " ind2=" ">
      <marc:subfield code="a">92,N38,0267</marc:subfield>
      <marc:subfield code="2">dnb</marc:subfield>
    </marc:datafield>
    <marc:datafield tag="016" ind1="7" ind2=" ">
      <marc:subfield code="a">920847315</marc:subfield>
      <marc:subfield code="2">DE-101</marc:subfield>
    </marc:datafield>
    <marc:datafield tag="020" ind1=" " ind2=" ">
      <marc:subfield code="a">3631453426</marc:subfield>
      <marc:subfield code="9">3-631-45342-6</marc:subfield>
    </marc:datafield>
    <marc:datafield tag="035" ind1=" " ind2=" ">
      <marc:subfield code="a">(DE-627)271758848</marc:subfield>
    </marc:datafield>
    <marc:datafield tag="035" ind1=" " ind2=" ">
      <marc:subfield code="a">(DE-603)021656282</marc:subfield>
    </marc:datafield>
    <marc:datafield tag="035" ind1=" " ind2=" ">
      <marc:subfield code="a">(DE-576)032828020</marc:subfield>
    </marc:datafield>
    <marc:datafield tag="035" ind1=" " ind2=" ">
      <marc:subfield code="a">(DE-599)GBV271758848</marc:subfield>
    </marc:datafield>
    <marc:datafield tag="035" ind1=" " ind2=" ">
      <marc:subfield code="a">(OCoLC)231441400</marc:subfield>
    </marc:datafield>
    <marc:datafield tag="035" ind1=" " ind2=" ">
      <marc:subfield code="a">(OCoLC)31046444</marc:subfield>
    </marc:datafield>
    <marc:datafield tag="035" ind1=" " ind2=" ">
      <marc:subfield code="a">(DE-615)00787276</marc:subfield>
    </marc:datafield>
    <marc:datafield tag="040" ind1=" " ind2=" ">
      <marc:subfield code="a">DE-627</marc:subfield>
      <marc:subfield code="b">ger</marc:subfield>
      <marc:subfield code="c">DE-627</marc:subfield>
      <marc:subfield code="e">rakwb</marc:subfield>
    </marc:datafield>
    <marc:datafield tag="041" ind1=" " ind2=" ">
      <marc:subfield code="a">ger</marc:subfield>
    </marc:datafield>
    <marc:datafield tag="044" ind1=" " ind2=" ">
      <marc:subfield code="c">XA-DE</marc:subfield>
      <marc:subfield code="c">XA-CH</marc:subfield>
      <marc:subfield code="c">XD-US</marc:subfield>
    </marc:datafield>
    <marc:datafield tag="050" ind1=" " ind2="0">
      <marc:subfield code="a">HF1602.15.C6</marc:subfield>
    </marc:datafield>
    <marc:datafield tag="084" ind1=" " ind2=" ">
      <marc:subfield code="a">17</marc:subfield>
      <marc:subfield code="2">sdnb</marc:subfield>
    </marc:datafield>
    <marc:datafield tag="084" ind1=" " ind2=" ">
      <marc:subfield code="a">RI03.22</marc:subfield>
      <marc:subfield code="2">fivr</marc:subfield>
    </marc:datafield>
    <marc:datafield tag="084" ind1=" " ind2=" ">
      <marc:subfield code="a">RI02</marc:subfield>
      <marc:subfield code="2">fivr</marc:subfield>
    </marc:datafield>
    <marc:datafield tag="084" ind1=" " ind2=" ">
      <marc:subfield code="a">SD</marc:subfield>
      <marc:subfield code="2">fivs</marc:subfield>
    </marc:datafield>
    <marc:datafield tag="084" ind1=" " ind2=" ">
      <marc:subfield code="a">QM 230</marc:subfield>
      <marc:subfield code="2">rvk</marc:subfield>
      <marc:subfield code="0">(DE-625)rvk/141771:</marc:subfield>
    </marc:datafield>
    <marc:datafield tag="084" ind1=" " ind2=" ">
      <marc:subfield code="a">QG 870</marc:subfield>
      <marc:subfield code="2">rvk</marc:subfield>
      <marc:subfield code="0">(DE-625)rvk/141525:</marc:subfield>
    </marc:datafield>
    <marc:datafield tag="100" ind1="1" ind2=" ">
      <marc:subfield code="a">Siems, Dorothea</marc:subfield>
      <marc:subfield code="d">1963-</marc:subfield>
      <marc:subfield code="0">(DE-588)171158059</marc:subfield>
      <marc:subfield code="0">(DE-627)061330051</marc:subfield>
      <marc:subfield code="0">(DE-576)131974475</marc:subfield>
      <marc:subfield code="4">aut</marc:subfield>
    </marc:datafield>
    <marc:datafield tag="245" ind1="1" ind2="0">
      <marc:subfield code="a">Japans außenwirtschafts- und entwicklungspolitische Strategien gegenüber China und ASEAN</marc:subfield>
      <marc:subfield code="b">ein Beitrag zu den Regionalisierungstendenzen im pazifisch-asiatischen Raum</marc:subfield>
      <marc:subfield code="c">Dorothea Siems</marc:subfield>
    </marc:datafield>
    <marc:datafield tag="264" ind1=" " ind2="1">
      <marc:subfield code="a">Frankfurt am Main</marc:subfield>
      <marc:subfield code="a">Berlin [u.a.]</marc:subfield>
      <marc:subfield code="b">Lang</marc:subfield>
      <marc:subfield code="c">1992</marc:subfield>
    </marc:datafield>
    <marc:datafield tag="300" ind1=" " ind2=" ">
      <marc:subfield code="a">IX, 269 S.</marc:subfield>
      <marc:subfield code="b">graph. Darst.</marc:subfield>
    </marc:datafield>
    <marc:datafield tag="336" ind1=" " ind2=" ">
      <marc:subfield code="a">Text</marc:subfield>
      <marc:subfield code="b">txt</marc:subfield>
      <marc:subfield code="2">rdacontent</marc:subfield>
    </marc:datafield>
    <marc:datafield tag="337" ind1=" " ind2=" ">
      <marc:subfield code="a">ohne Hilfsmittel zu benutzen</marc:subfield>
      <marc:subfield code="b">n</marc:subfield>
      <marc:subfield code="2">rdamedia</marc:subfield>
    </marc:datafield>
    <marc:datafield tag="338" ind1=" " ind2=" ">
      <marc:subfield code="a">Band</marc:subfield>
      <marc:subfield code="b">nc</marc:subfield>
      <marc:subfield code="2">rdacarrier</marc:subfield>
    </marc:datafield>
    <marc:datafield tag="490" ind1="1" ind2=" ">
      <marc:subfield code="a">Europäische Hochschulschriften</marc:subfield>
      <marc:subfield code="a">Reihe 5, Volks- und Betriebswirtschaft</marc:subfield>
      <marc:subfield code="v">1334</marc:subfield>
    </marc:datafield>
    <marc:datafield tag="500" ind1=" " ind2=" ">
      <marc:subfield code="a">Literaturverz. S. 254 - 269</marc:subfield>
    </marc:datafield>
    <marc:datafield tag="502" ind1=" " ind2=" ">
      <marc:subfield code="a">Zugl.: Berlin, Freie Univ., Diss., 1992</marc:subfield>
    </marc:datafield>
    <marc:datafield tag="505" ind1="8" ind2=" ">
      <marc:subfield code="a">Literaturverz. S. 254 - 269</marc:subfield>
    </marc:datafield>
    <marc:datafield tag="583" ind1="1" ind2=" ">
      <marc:subfield code="a">Archivierung prüfen</marc:subfield>
      <marc:subfield code="c">20240324</marc:subfield>
      <marc:subfield code="f">DE-4165</marc:subfield>
      <marc:subfield code="z">1</marc:subfield>
      <marc:subfield code="2">pdager</marc:subfield>
    </marc:datafield>
    <marc:datafield tag="610" ind1="2" ind2="7">
      <marc:subfield code="0">(DE-588)116362-0</marc:subfield>
      <marc:subfield code="0">(DE-627)101981716</marc:subfield>
      <marc:subfield code="0">(DE-576)190596201</marc:subfield>
      <marc:subfield code="a">Association of Southeast Asian Nations</marc:subfield>
      <marc:subfield code="2">gnd</marc:subfield>
    </marc:datafield>
    <marc:datafield tag="650" ind1=" " ind2="7">
      <marc:subfield code="8">1.1\x</marc:subfield>
      <marc:subfield code="a">Außenwirtschaftspolitik</marc:subfield>
      <marc:subfield code="0">(DE-627)091348730</marc:subfield>
      <marc:subfield code="0">(DE-2867)10682-5</marc:subfield>
      <marc:subfield code="2">stw</marc:subfield>
    </marc:datafield>
    <marc:datafield tag="650" ind1=" " ind2="7">
      <marc:subfield code="8">1.2\x</marc:subfield>
      <marc:subfield code="a">Internationale Wirtschaftsbeziehungen</marc:subfield>
      <marc:subfield code="0">(DE-627)091368464</marc:subfield>
      <marc:subfield code="0">(DE-2867)10617-2</marc:subfield>
      <marc:subfield code="2">stw</marc:subfield>
    </marc:datafield>
    <marc:datafield tag="650" ind1=" " ind2="7">
      <marc:subfield code="8">1.3\x</marc:subfield>
      <marc:subfield code="a">Japan</marc:subfield>
      <marc:subfield code="0">(DE-627)091369282</marc:subfield>
      <marc:subfield code="0">(DE-2867)17568-3</marc:subfield>
      <marc:subfield code="2">stw</marc:subfield>
    </marc:datafield>
    <marc:datafield tag="650" ind1=" " ind2="7">
      <marc:subfield code="8">1.4\x</marc:subfield>
      <marc:subfield code="a">China</marc:subfield>
      <marc:subfield code="0">(DE-627)091353777</marc:subfield>
      <marc:subfield code="0">(DE-2867)17565-2</marc:subfield>
      <marc:subfield code="2">stw</marc:subfield>
    </marc:datafield>
    <marc:datafield tag="650" ind1=" " ind2="7">
      <marc:subfield code="8">1.5\x</marc:subfield>
      <marc:subfield code="a">ASEAN-Staaten</marc:subfield>
      <marc:subfield code="0">(DE-627)091348137</marc:subfield>
      <marc:subfield code="0">(DE-2867)17979-3</marc:subfield>
      <marc:subfield code="2">stw</marc:subfield>
    </marc:datafield>
    <marc:datafield tag="650" ind1=" " ind2="7">
      <marc:subfield code="8">2.1\x</marc:subfield>
      <marc:subfield code="a">Regionale Wirtschaftsintegration</marc:subfield>
      <marc:subfield code="0">(DE-627)091365295</marc:subfield>
      <marc:subfield code="0">(DE-2867)18181-1</marc:subfield>
      <marc:subfield code="2">stw</marc:subfield>
    </marc:datafield>
    <marc:datafield tag="650" ind1=" " ind2="7">
      <marc:subfield code="8">2.2\x</marc:subfield>
      <marc:subfield code="a">Asiatisch-pazifischer Raum</marc:subfield>
      <marc:subfield code="0">(DE-627)091348153</marc:subfield>
      <marc:subfield code="0">(DE-2867)19172-4</marc:subfield>
      <marc:subfield code="2">stw</marc:subfield>
    </marc:datafield>
    <marc:datafield tag="650" ind1="0" ind2="7">
      <marc:subfield code="0">(DE-588)4072885-7</marc:subfield>
      <marc:subfield code="0">(DE-627)106093932</marc:subfield>
      <marc:subfield code="0">(DE-576)209188553</marc:subfield>
      <marc:subfield code="a">Internationale Politik</marc:subfield>
      <marc:subfield code="2">gnd</marc:subfield>
    </marc:datafield>
    <marc:datafield tag="650" ind1="0" ind2="7">
      <marc:subfield code="0">(DE-588)4177425-5</marc:subfield>
      <marc:subfield code="0">(DE-627)104141158</marc:subfield>
      <marc:subfield code="0">(DE-576)209977590</marc:subfield>
      <marc:subfield code="a">Regionalisierung</marc:subfield>
      <marc:subfield code="2">gnd</marc:subfield>
    </marc:datafield>
    <marc:datafield tag="650" ind1="0" ind2="7">
      <marc:subfield code="0">(DE-588)4003857-9</marc:subfield>
      <marc:subfield code="0">(DE-627)106388460</marc:subfield>
      <marc:subfield code="0">(DE-576)208852999</marc:subfield>
      <marc:subfield code="a">Außenwirtschaftspolitik</marc:subfield>
      <marc:subfield code="2">gnd</marc:subfield>
    </marc:datafield>
    <marc:datafield tag="650" ind1="0" ind2="7">
      <marc:subfield code="0">(DE-588)4014957-2</marc:subfield>
      <marc:subfield code="0">(DE-627)106338226</marc:subfield>
      <marc:subfield code="0">(DE-576)208909982</marc:subfield>
      <marc:subfield code="a">Entwicklungspolitik</marc:subfield>
      <marc:subfield code="2">gnd</marc:subfield>
    </marc:datafield>
    <marc:datafield tag="650" ind1="0" ind2="7">
      <marc:subfield code="0">(DE-588)4170174-4</marc:subfield>
      <marc:subfield code="0">(DE-627)104500085</marc:subfield>
      <marc:subfield code="0">(DE-576)209928123</marc:subfield>
      <marc:subfield code="a">Mitgliedsstaaten</marc:subfield>
      <marc:subfield code="2">gnd</marc:subfield>
    </marc:datafield>
    <marc:datafield tag="651" ind1=" " ind2="7">
      <marc:subfield code="0">(DE-588)4044982-8</marc:subfield>
      <marc:subfield code="0">(DE-627)10620338X</marc:subfield>
      <marc:subfield code="0">(DE-576)209063319</marc:subfield>
      <marc:subfield code="a">Pazifischer Raum</marc:subfield>
      <marc:subfield code="2">gnd</marc:subfield>
    </marc:datafield>
    <marc:datafield tag="651" ind1=" " ind2="7">
      <marc:subfield code="0">(DE-588)4028495-5</marc:subfield>
      <marc:subfield code="0">(DE-627)104585102</marc:subfield>
      <marc:subfield code="0">(DE-576)208977503</marc:subfield>
      <marc:subfield code="a">Japan</marc:subfield>
      <marc:subfield code="2">gnd</marc:subfield>
    </marc:datafield>
    <marc:datafield tag="651" ind1=" " ind2="7">
      <marc:subfield code="0">(DE-588)4009937-4</marc:subfield>
      <marc:subfield code="0">(DE-627)104289031</marc:subfield>
      <marc:subfield code="0">(DE-576)208885382</marc:subfield>
      <marc:subfield code="a">China</marc:subfield>
      <marc:subfield code="2">gnd</marc:subfield>
    </marc:datafield>
    <marc:datafield tag="653" ind1=" " ind2="0">
      <marc:subfield code="a">ASEAN</marc:subfield>
    </marc:datafield>
    <marc:datafield tag="653" ind1=" " ind2="0">
      <marc:subfield code="a">Japan</marc:subfield>
      <marc:subfield code="a">Foreign economic relations</marc:subfield>
      <marc:subfield code="a">China</marc:subfield>
    </marc:datafield>
    <marc:datafield tag="653" ind1=" " ind2="0">
      <marc:subfield code="a">China</marc:subfield>
      <marc:subfield code="a">Foreign economic relations</marc:subfield>
      <marc:subfield code="a">Japan</marc:subfield>
    </marc:datafield>
    <marc:datafield tag="653" ind1=" " ind2="0">
      <marc:subfield code="a">Japan</marc:subfield>
      <marc:subfield code="a">Foreign economic relations</marc:subfield>
      <marc:subfield code="a">Southeast Asia</marc:subfield>
    </marc:datafield>
    <marc:datafield tag="653" ind1=" " ind2="0">
      <marc:subfield code="a">Southeast Asia</marc:subfield>
      <marc:subfield code="a">Foreign economic relations</marc:subfield>
      <marc:subfield code="a">Japan</marc:subfield>
    </marc:datafield>
    <marc:datafield tag="655" ind1=" " ind2="4">
      <marc:subfield code="0">(DE-206)3</marc:subfield>
      <marc:subfield code="a">Bibliographie enthalten</marc:subfield>
      <marc:subfield code="5">DE-206</marc:subfield>
    </marc:datafield>
    <marc:datafield tag="655" ind1=" " ind2="7">
      <marc:subfield code="a">Hochschulschrift</marc:subfield>
      <marc:subfield code="0">(DE-588)4113937-9</marc:subfield>
      <marc:subfield code="0">(DE-627)105825778</marc:subfield>
      <marc:subfield code="0">(DE-576)209480580</marc:subfield>
      <marc:subfield code="2">gnd-content</marc:subfield>
    </marc:datafield>
    <marc:datafield tag="689" ind1="0" ind2="0">
      <marc:subfield code="D">g</marc:subfield>
      <marc:subfield code="0">(DE-588)4028495-5</marc:subfield>
      <marc:subfield code="0">(DE-627)104585102</marc:subfield>
      <marc:subfield code="0">(DE-576)208977503</marc:subfield>
      <marc:subfield code="a">Japan</marc:subfield>
      <marc:subfield code="2">gnd</marc:subfield>
    </marc:datafield>
    <marc:datafield tag="689" ind1="0" ind2="1">
      <marc:subfield code="D">s</marc:subfield>
      <marc:subfield code="0">(DE-588)4003857-9</marc:subfield>
      <marc:subfield code="0">(DE-627)106388460</marc:subfield>
      <marc:subfield code="0">(DE-576)208852999</marc:subfield>
      <marc:subfield code="a">Außenwirtschaftspolitik</marc:subfield>
      <marc:subfield code="2">gnd</marc:subfield>
    </marc:datafield>
    <marc:datafield tag="689" ind1="0" ind2="2">
      <marc:subfield code="D">b</marc:subfield>
      <marc:subfield code="0">(DE-588)116362-0</marc:subfield>
      <marc:subfield code="0">(DE-627)101981716</marc:subfield>
      <marc:subfield code="0">(DE-576)190596201</marc:subfield>
      <marc:subfield code="a">Association of Southeast Asian Nations</marc:subfield>
      <marc:subfield code="2">gnd</marc:subfield>
    </marc:datafield>
    <marc:datafield tag="689" ind1="0" ind2="3">
      <marc:subfield code="D">g</marc:subfield>
      <marc:subfield code="0">(DE-588)4009937-4</marc:subfield>
      <marc:subfield code="0">(DE-627)104289031</marc:subfield>
      <marc:subfield code="0">(DE-576)208885382</marc:subfield>
      <marc:subfield code="a">China</marc:subfield>
      <marc:subfield code="2">gnd</marc:subfield>
    </marc:datafield>
    <marc:datafield tag="689" ind1="0" ind2=" ">
      <marc:subfield code="5">(DE-627)</marc:subfield>
    </marc:datafield>
    <marc:datafield tag="689" ind1="1" ind2="0">
      <marc:subfield code="D">g</marc:subfield>
      <marc:subfield code="0">(DE-588)4028495-5</marc:subfield>
      <marc:subfield code="0">(DE-627)104585102</marc:subfield>
      <marc:subfield code="0">(DE-576)208977503</marc:subfield>
      <marc:subfield code="a">Japan</marc:subfield>
      <marc:subfield code="2">gnd</marc:subfield>
    </marc:datafield>
    <marc:datafield tag="689" ind1="1" ind2="1">
      <marc:subfield code="D">s</marc:subfield>
      <marc:subfield code="0">(DE-588)4014957-2</marc:subfield>
      <marc:subfield code="0">(DE-627)106338226</marc:subfield>
      <marc:subfield code="0">(DE-576)208909982</marc:subfield>
      <marc:subfield code="a">Entwicklungspolitik</marc:subfield>
      <marc:subfield code="2">gnd</marc:subfield>
    </marc:datafield>
    <marc:datafield tag="689" ind1="1" ind2="2">
      <marc:subfield code="D">b</marc:subfield>
      <marc:subfield code="0">(DE-588)116362-0</marc:subfield>
      <marc:subfield code="0">(DE-627)101981716</marc:subfield>
      <marc:subfield code="0">(DE-576)190596201</marc:subfield>
      <marc:subfield code="a">Association of Southeast Asian Nations</marc:subfield>
      <marc:subfield code="2">gnd</marc:subfield>
    </marc:datafield>
    <marc:datafield tag="689" ind1="1" ind2="3">
      <marc:subfield code="D">g</marc:subfield>
      <marc:subfield code="0">(DE-588)4009937-4</marc:subfield>
      <marc:subfield code="0">(DE-627)104289031</marc:subfield>
      <marc:subfield code="0">(DE-576)208885382</marc:subfield>
      <marc:subfield code="a">China</marc:subfield>
      <marc:subfield code="2">gnd</marc:subfield>
    </marc:datafield>
    <marc:datafield tag="689" ind1="1" ind2=" ">
      <marc:subfield code="5">(DE-627)</marc:subfield>
    </marc:datafield>
    <marc:datafield tag="689" ind1="2" ind2="0">
      <marc:subfield code="D">g</marc:subfield>
      <marc:subfield code="0">(DE-588)4028495-5</marc:subfield>
      <marc:subfield code="0">(DE-627)104585102</marc:subfield>
      <marc:subfield code="0">(DE-576)208977503</marc:subfield>
      <marc:subfield code="a">Japan</marc:subfield>
      <marc:subfield code="2">gnd</marc:subfield>
    </marc:datafield>
    <marc:datafield tag="689" ind1="2" ind2="1">
      <marc:subfield code="D">s</marc:subfield>
      <marc:subfield code="0">(DE-588)4003857-9</marc:subfield>
      <marc:subfield code="0">(DE-627)106388460</marc:subfield>
      <marc:subfield code="0">(DE-576)208852999</marc:subfield>
      <marc:subfield code="a">Außenwirtschaftspolitik</marc:subfield>
      <marc:subfield code="2">gnd</marc:subfield>
    </marc:datafield>
    <marc:datafield tag="689" ind1="2" ind2="2">
      <marc:subfield code="D">s</marc:subfield>
      <marc:subfield code="0">(DE-588)4014957-2</marc:subfield>
      <marc:subfield code="0">(DE-627)106338226</marc:subfield>
      <marc:subfield code="0">(DE-576)208909982</marc:subfield>
      <marc:subfield code="a">Entwicklungspolitik</marc:subfield>
      <marc:subfield code="2">gnd</marc:subfield>
    </marc:datafield>
    <marc:datafield tag="689" ind1="2" ind2="3">
      <marc:subfield code="D">g</marc:subfield>
      <marc:subfield code="0">(DE-588)4009937-4</marc:subfield>
      <marc:subfield code="0">(DE-627)104289031</marc:subfield>
      <marc:subfield code="0">(DE-576)208885382</marc:subfield>
      <marc:subfield code="a">China</marc:subfield>
      <marc:subfield code="2">gnd</marc:subfield>
    </marc:datafield>
    <marc:datafield tag="689" ind1="2" ind2="4">
      <marc:subfield code="D">b</marc:subfield>
      <marc:subfield code="0">(DE-588)116362-0</marc:subfield>
      <marc:subfield code="0">(DE-627)101981716</marc:subfield>
      <marc:subfield code="0">(DE-576)190596201</marc:subfield>
      <marc:subfield code="a">Association of Southeast Asian Nations</marc:subfield>
      <marc:subfield code="2">gnd</marc:subfield>
    </marc:datafield>
    <marc:datafield tag="689" ind1="2" ind2=" ">
      <marc:subfield code="5">(DE-627)</marc:subfield>
    </marc:datafield>
    <marc:datafield tag="751" ind1=" " ind2=" ">
      <marc:subfield code="a">Berlin</marc:subfield>
      <marc:subfield code="0">(DE-588)4005728-8</marc:subfield>
      <marc:subfield code="0">(DE-627)10482638X</marc:subfield>
      <marc:subfield code="0">(DE-576)208862560</marc:subfield>
      <marc:subfield code="4">uvp</marc:subfield>
    </marc:datafield>
    <marc:datafield tag="830" ind1=" " ind2="0">
      <marc:subfield code="a">Europäische Hochschulschriften / 5</marc:subfield>
      <marc:subfield code="v">1334</marc:subfield>
      <marc:subfield code="9">1334</marc:subfield>
      <marc:subfield code="w">(DE-627)130134260</marc:subfield>
      <marc:subfield code="w">(DE-576)015671569</marc:subfield>
      <marc:subfield code="w">(DE-600)510547-X</marc:subfield>
      <marc:subfield code="x">0531-7339</marc:subfield>
      <marc:subfield code="7">am</marc:subfield>
    </marc:datafield>
    <marc:datafield tag="856" ind1="4" ind2="2">
      <marc:subfield code="u">http://www.gbv.de/dms/hbz/toc/ht004412433.pdf</marc:subfield>
      <marc:subfield code="m">V:DE-605</marc:subfield>
      <marc:subfield code="q">pdf/application</marc:subfield>
      <marc:subfield code="v">2008-11-15</marc:subfield>
      <marc:subfield code="x">Verlag</marc:subfield>
      <marc:subfield code="y">Inhaltsverzeichnis</marc:subfield>
      <marc:subfield code="3">Inhaltsverzeichnis</marc:subfield>
      <marc:subfield code="7">1</marc:subfield>
    </marc:datafield>
    <marc:datafield tag="856" ind1="4" ind2="2">
      <marc:subfield code="u">http://scans.hebis.de/HEBCGI/show.pl?02165628_toc.pdf</marc:subfield>
      <marc:subfield code="m">V:DE-605</marc:subfield>
      <marc:subfield code="q">application/pdf</marc:subfield>
      <marc:subfield code="3">Inhaltsverzeichnis</marc:subfield>
      <marc:subfield code="7">1</marc:subfield>
    </marc:datafield>
    <marc:datafield tag="889" ind1=" " ind2=" ">
      <marc:subfield code="w">(DE-627)119236346</marc:subfield>
    </marc:datafield>
    <marc:datafield tag="889" ind1=" " ind2=" ">
      <marc:subfield code="w">(DE-627)256830983</marc:subfield>
    </marc:datafield>
    <marc:datafield tag="912" ind1=" " ind2=" ">
      <marc:subfield code="a">SSG-OLC-pha</marc:subfield>
    </marc:datafield>
    <marc:datafield tag="924" ind1="0" ind2=" ">
      <marc:subfield code="a">02448850x</marc:subfield>
      <marc:subfield code="b">DE-1a</marc:subfield>
      <marc:subfield code="9">1a</marc:subfield>
      <marc:subfield code="c">GBV</marc:subfield>
      <marc:subfield code="d">c</marc:subfield>
      <marc:subfield code="g">1 A 156377</marc:subfield>
      <marc:subfield code="h">2</marc:subfield>
    </marc:datafield>
    <marc:datafield tag="924" ind1="0" ind2=" ">
      <marc:subfield code="a">166019305</marc:subfield>
      <marc:subfield code="b">DE-46</marc:subfield>
      <marc:subfield code="9">46</marc:subfield>
      <marc:subfield code="c">GBV</marc:subfield>
      <marc:subfield code="d">c</marc:subfield>
      <marc:subfield code="g">a vwl 492 5ya/674</marc:subfield>
      <marc:subfield code="h">E02</marc:subfield>
    </marc:datafield>
    <marc:datafield tag="924" ind1="0" ind2=" ">
      <marc:subfield code="a">088168565</marc:subfield>
      <marc:subfield code="b">DE-18</marc:subfield>
      <marc:subfield code="9">18</marc:subfield>
      <marc:subfield code="c">GBV</marc:subfield>
      <marc:subfield code="d">c</marc:subfield>
      <marc:subfield code="g">A 1993/6184</marc:subfield>
      <marc:subfield code="h">SUB</marc:subfield>
    </marc:datafield>
    <marc:datafield tag="924" ind1="0" ind2=" ">
      <marc:subfield code="a">325142009</marc:subfield>
      <marc:subfield code="b">DE-206</marc:subfield>
      <marc:subfield code="9">206</marc:subfield>
      <marc:subfield code="c">GBV</marc:subfield>
      <marc:subfield code="d">c</marc:subfield>
      <marc:subfield code="g">A 195641</marc:subfield>
      <marc:subfield code="h">K:</marc:subfield>
    </marc:datafield>
    <marc:datafield tag="924" ind1="0" ind2=" ">
      <marc:subfield code="a">149421710</marc:subfield>
      <marc:subfield code="b">DE-27</marc:subfield>
      <marc:subfield code="9">27</marc:subfield>
      <marc:subfield code="c">GBV</marc:subfield>
      <marc:subfield code="d">c</marc:subfield>
      <marc:subfield code="g">POL:HD:6270:10</marc:subfield>
      <marc:subfield code="g">93 NA 8940/1</marc:subfield>
      <marc:subfield code="h">J 64</marc:subfield>
    </marc:datafield>
    <marc:datafield tag="924" ind1="0" ind2=" ">
      <marc:subfield code="a">195531728</marc:subfield>
      <marc:subfield code="b">DE-547</marc:subfield>
      <marc:subfield code="9">547</marc:subfield>
      <marc:subfield code="c">GBV</marc:subfield>
      <marc:subfield code="d">c</marc:subfield>
      <marc:subfield code="g">666283</marc:subfield>
      <marc:subfield code="h">MAG</marc:subfield>
    </marc:datafield>
    <marc:datafield tag="924" ind1="0" ind2=" ">
      <marc:subfield code="a">104923644</marc:subfield>
      <marc:subfield code="b">DE-7</marc:subfield>
      <marc:subfield code="9">7</marc:subfield>
      <marc:subfield code="c">GBV</marc:subfield>
      <marc:subfield code="d">c</marc:subfield>
      <marc:subfield code="g">LME 794 = ZA 29541:1334</marc:subfield>
      <marc:subfield code="g">ZA 29541:1334</marc:subfield>
      <marc:subfield code="h">LS1</marc:subfield>
    </marc:datafield>
    <marc:datafield tag="924" ind1="0" ind2=" ">
      <marc:subfield code="a">156967634</marc:subfield>
      <marc:subfield code="b">DE-3</marc:subfield>
      <marc:subfield code="9">3</marc:subfield>
      <marc:subfield code="c">GBV</marc:subfield>
      <marc:subfield code="d">c</marc:subfield>
      <marc:subfield code="g">J F 5 Sie</marc:subfield>
      <marc:subfield code="h">Ha 18-M</marc:subfield>
    </marc:datafield>
    <marc:datafield tag="924" ind1="0" ind2=" ">
      <marc:subfield code="a">3173804066</marc:subfield>
      <marc:subfield code="b">DE-21</marc:subfield>
      <marc:subfield code="9">21</marc:subfield>
      <marc:subfield code="c">BSZ</marc:subfield>
      <marc:subfield code="d">c</marc:subfield>
      <marc:subfield code="g">33 A 2308</marc:subfield>
    </marc:datafield>
    <marc:datafield tag="924" ind1="0" ind2=" ">
      <marc:subfield code="a">3173804198</marc:subfield>
      <marc:subfield code="b">DE-25-31b</marc:subfield>
      <marc:subfield code="9">25/31b</marc:subfield>
      <marc:subfield code="c">BSZ</marc:subfield>
      <marc:subfield code="d">b</marc:subfield>
      <marc:subfield code="g">Frei 31b: W VII 289</marc:subfield>
    </marc:datafield>
    <marc:datafield tag="924" ind1="0" ind2=" ">
      <marc:subfield code="a">3173804252</marc:subfield>
      <marc:subfield code="b">DE-14</marc:subfield>
      <marc:subfield code="9">14</marc:subfield>
      <marc:subfield code="c">BSZ</marc:subfield>
      <marc:subfield code="d">c</marc:subfield>
    </marc:datafield>
    <marc:datafield tag="924" ind1="0" ind2=" ">
      <marc:subfield code="a">3173804260</marc:subfield>
      <marc:subfield code="b">DE-14</marc:subfield>
      <marc:subfield code="9">14</marc:subfield>
      <marc:subfield code="c">BSZ</marc:subfield>
      <marc:subfield code="d">c</marc:subfield>
    </marc:datafield>
    <marc:datafield tag="924" ind1="0" ind2=" ">
      <marc:subfield code="a">3173804325</marc:subfield>
      <marc:subfield code="b">DE-16</marc:subfield>
      <marc:subfield code="9">16</marc:subfield>
      <marc:subfield code="c">BSZ</marc:subfield>
      <marc:subfield code="d">c</marc:subfield>
      <marc:subfield code="g">93 A 9717</marc:subfield>
    </marc:datafield>
    <marc:datafield tag="924" ind1="0" ind2=" ">
      <marc:subfield code="a">3173804406</marc:subfield>
      <marc:subfield code="b">DE-Ch1</marc:subfield>
      <marc:subfield code="9">Ch 1</marc:subfield>
      <marc:subfield code="c">BSZ</marc:subfield>
      <marc:subfield code="d">c</marc:subfield>
      <marc:subfield code="g">QG 870 sie</marc:subfield>
    </marc:datafield>
    <marc:datafield tag="924" ind1="0" ind2=" ">
      <marc:subfield code="a">3173804465</marc:subfield>
      <marc:subfield code="b">DE-100</marc:subfield>
      <marc:subfield code="9">100</marc:subfield>
      <marc:subfield code="c">BSZ</marc:subfield>
      <marc:subfield code="d">c</marc:subfield>
      <marc:subfield code="g">2531/244</marc:subfield>
      <marc:subfield code="h">31</marc:subfield>
    </marc:datafield>
    <marc:datafield tag="924" ind1="0" ind2=" ">
      <marc:subfield code="a">317380452X</marc:subfield>
      <marc:subfield code="b">DE-105</marc:subfield>
      <marc:subfield code="9">105</marc:subfield>
      <marc:subfield code="c">BSZ</marc:subfield>
      <marc:subfield code="d">c</marc:subfield>
      <marc:subfield code="g">93.1788 8.</marc:subfield>
    </marc:datafield>
    <marc:datafield tag="924" ind1="0" ind2=" ">
      <marc:subfield code="a">4898694683</marc:subfield>
      <marc:subfield code="b">DE-77-018</marc:subfield>
      <marc:subfield code="9">77/018</marc:subfield>
      <marc:subfield code="c">BSZ</marc:subfield>
      <marc:subfield code="d">d</marc:subfield>
      <marc:subfield code="g">J/s 203</marc:subfield>
    </marc:datafield>
    <marc:datafield tag="924" ind1="0" ind2=" ">
      <marc:subfield code="a">3173804597</marc:subfield>
      <marc:subfield code="b">DE-751</marc:subfield>
      <marc:subfield code="9">751</marc:subfield>
      <marc:subfield code="c">BSZ</marc:subfield>
      <marc:subfield code="d">c</marc:subfield>
      <marc:subfield code="g">GV 5.1 SIE</marc:subfield>
    </marc:datafield>
    <marc:datafield tag="924" ind1="0" ind2=" ">
      <marc:subfield code="a">3173804805</marc:subfield>
      <marc:subfield code="b">DE-615</marc:subfield>
      <marc:subfield code="9">615</marc:subfield>
      <marc:subfield code="c">BSZ</marc:subfield>
      <marc:subfield code="d">b</marc:subfield>
    </marc:datafield>
    <marc:datafield tag="924" ind1="0" ind2=" ">
      <marc:subfield code="a">3173804813</marc:subfield>
      <marc:subfield code="b">DE-H221</marc:subfield>
      <marc:subfield code="9">H 221</marc:subfield>
      <marc:subfield code="c">BSZ</marc:subfield>
      <marc:subfield code="d">c</marc:subfield>
      <marc:subfield code="g">1.65.12.09/311</marc:subfield>
    </marc:datafield>
    <marc:datafield tag="924" ind1="0" ind2=" ">
      <marc:subfield code="a">317380483X</marc:subfield>
      <marc:subfield code="b">DE-H221</marc:subfield>
      <marc:subfield code="9">H 221</marc:subfield>
      <marc:subfield code="c">BSZ</marc:subfield>
      <marc:subfield code="d">c</marc:subfield>
      <marc:subfield code="g">1.62.12.09</marc:subfield>
    </marc:datafield>
    <marc:datafield tag="924" ind1="0" ind2=" ">
      <marc:subfield code="a">4950341391</marc:subfield>
      <marc:subfield code="b">DE-H221</marc:subfield>
      <marc:subfield code="9">H 221</marc:subfield>
      <marc:subfield code="c">BSZ</marc:subfield>
      <marc:subfield code="d">c</marc:subfield>
      <marc:subfield code="g">1.65.12.09/311</marc:subfield>
    </marc:datafield>
    <marc:datafield tag="935" ind1=" " ind2=" ">
      <marc:subfield code="i">mdedup</marc:subfield>
    </marc:datafield>
    <marc:datafield tag="935" ind1=" " ind2=" ">
      <marc:subfield code="i">Blocktest</marc:subfield>
    </marc:datafield>
    <marc:datafield tag="936" ind1="r" ind2="v">
      <marc:subfield code="a">QM 230</marc:subfield>
      <marc:subfield code="b">Handelspolitik</marc:subfield>
      <marc:subfield code="k">Wirtschaftswissenschaften</marc:subfield>
      <marc:subfield code="k">Internationaler Handel. Zahlungsbilanz und Wechselkurse</marc:subfield>
      <marc:subfield code="k">Struktur des internationalen Handels</marc:subfield>
      <marc:subfield code="k">Handelspolitik</marc:subfield>
      <marc:subfield code="0">(DE-627)1271357496</marc:subfield>
      <marc:subfield code="0">(DE-625)rvk/141771:</marc:subfield>
      <marc:subfield code="0">(DE-576)201357496</marc:subfield>
    </marc:datafield>
    <marc:datafield tag="936" ind1="r" ind2="v">
      <marc:subfield code="a">QG 870</marc:subfield>
      <marc:subfield code="b">Japan, Korea</marc:subfield>
      <marc:subfield code="k">Wirtschaftswissenschaften</marc:subfield>
      <marc:subfield code="k">Wirtschaftskunde und Allgemeines. Länderstatistisches und regionalstatistisches Material. Wirtschaftspolitik (einschließlich Stellungnahmen dazu) in einzelnen Ländern</marc:subfield>
      <marc:subfield code="k">Asien</marc:subfield>
      <marc:subfield code="k">Japan, Korea</marc:subfield>
      <marc:subfield code="0">(DE-627)127093113X</marc:subfield>
      <marc:subfield code="0">(DE-625)rvk/141525:</marc:subfield>
      <marc:subfield code="0">(DE-576)20093113X</marc:subfield>
    </marc:datafield>
    <marc:datafield tag="936" ind1="f" ind2="i">
      <marc:subfield code="0">(DE-627)175613426X</marc:subfield>
      <marc:subfield code="a">RI03.22</marc:subfield>
      <marc:subfield code="b">Japan</marc:subfield>
      <marc:subfield code="k">Asien (ohne westliches Asien)</marc:subfield>
      <marc:subfield code="k">Ostasien</marc:subfield>
      <marc:subfield code="k">Japan</marc:subfield>
      <marc:subfield code="2">fivr</marc:subfield>
    </marc:datafield>
    <marc:datafield tag="936" ind1="f" ind2="i">
      <marc:subfield code="0">(DE-627)1756134022</marc:subfield>
      <marc:subfield code="a">RI02</marc:subfield>
      <marc:subfield code="b">Südostasien</marc:subfield>
      <marc:subfield code="k">Asien (ohne westliches Asien)</marc:subfield>
      <marc:subfield code="k">Südostasien</marc:subfield>
      <marc:subfield code="2">fivr</marc:subfield>
    </marc:datafield>
    <marc:datafield tag="936" ind1="f" ind2="i">
      <marc:subfield code="0">(DE-627)1756135509</marc:subfield>
      <marc:subfield code="a">SD</marc:subfield>
      <marc:subfield code="b">Internationale Wirtschaft/Außenwirtschaft</marc:subfield>
      <marc:subfield code="k">Internationale Wirtschaft/Außenwirtschaft</marc:subfield>
      <marc:subfield code="2">fivs</marc:subfield>
    </marc:datafield>
    <marc:datafield tag="936" ind1="s" ind2="n">
      <marc:subfield code="a">q100</marc:subfield>
      <marc:subfield code="2">mzub</marc:subfield>
    </marc:datafield>
    <marc:datafield tag="938" ind1="1" ind2="0">
      <marc:subfield code="0">(DE-627)1756219028</marc:subfield>
      <marc:subfield code="0">(DE-615)6600182</marc:subfield>
      <marc:subfield code="a">Japan</marc:subfield>
      <marc:subfield code="2">fivt</marc:subfield>
    </marc:datafield>
    <marc:datafield tag="938" ind1="1" ind2="0">
      <marc:subfield code="0">(DE-627)1756241848</marc:subfield>
      <marc:subfield code="0">(DE-615)6600634</marc:subfield>
      <marc:subfield code="a">Außenwirtschaftspolitik</marc:subfield>
      <marc:subfield code="2">fivt</marc:subfield>
    </marc:datafield>
    <marc:datafield tag="938" ind1="1" ind2="0">
      <marc:subfield code="0">(DE-627)1756242860</marc:subfield>
      <marc:subfield code="0">(DE-615)6606856</marc:subfield>
      <marc:subfield code="a">Auslandshilfepolitik einzelner Staaten</marc:subfield>
      <marc:subfield code="2">fivt</marc:subfield>
    </marc:datafield>
    <marc:datafield tag="938" ind1="1" ind2="0">
      <marc:subfield code="0">(DE-627)1756162107</marc:subfield>
      <marc:subfield code="0">(DE-615)6602201</marc:subfield>
      <marc:subfield code="a">Volksrepublik China</marc:subfield>
      <marc:subfield code="2">fivt</marc:subfield>
    </marc:datafield>
    <marc:datafield tag="938" ind1="1" ind2="0">
      <marc:subfield code="0">(DE-627)101981716</marc:subfield>
      <marc:subfield code="0">(DE-588)116362-0</marc:subfield>
      <marc:subfield code="a">Association of Southeast Asian Nations</marc:subfield>
      <marc:subfield code="2">gnd</marc:subfield>
      <marc:subfield code="2">fivt</marc:subfield>
    </marc:datafield>
    <marc:datafield tag="938" ind1="1" ind2="0">
      <marc:subfield code="0">(DE-627)175616732X</marc:subfield>
      <marc:subfield code="0">(DE-615)6609071</marc:subfield>
      <marc:subfield code="a">Bilaterale internationale Beziehungen</marc:subfield>
      <marc:subfield code="2">fivt</marc:subfield>
    </marc:datafield>
    <marc:datafield tag="938" ind1="1" ind2="0">
      <marc:subfield code="0">(DE-627)1756141754</marc:subfield>
      <marc:subfield code="0">(DE-615)6604073</marc:subfield>
      <marc:subfield code="a">Regionalisierung internationaler Beziehungen</marc:subfield>
      <marc:subfield code="2">fivt</marc:subfield>
    </marc:datafield>
    <marc:datafield tag="938" ind1="1" ind2="0">
      <marc:subfield code="0">(DE-627)1756149755</marc:subfield>
      <marc:subfield code="0">(DE-615)6603134</marc:subfield>
      <marc:subfield code="a">Pazifischer Raum</marc:subfield>
      <marc:subfield code="2">fivt</marc:subfield>
    </marc:datafield>
    <marc:datafield tag="938" ind1="1" ind2="1">
      <marc:subfield code="0">(DE-627)1756225591</marc:subfield>
      <marc:subfield code="0">(DE-615)6601415</marc:subfield>
      <marc:subfield code="a">Unternehmenspolitik</marc:subfield>
      <marc:subfield code="2">fiva</marc:subfield>
    </marc:datafield>
    <marc:datafield tag="938" ind1="1" ind2="1">
      <marc:subfield code="0">(DE-627)1756181950</marc:subfield>
      <marc:subfield code="0">(DE-615)6606232</marc:subfield>
      <marc:subfield code="a">Privatwirtschaft</marc:subfield>
      <marc:subfield code="2">fiva</marc:subfield>
    </marc:datafield>
    <marc:datafield tag="938" ind1="1" ind2="1">
      <marc:subfield code="0">(DE-627)1756199744</marc:subfield>
      <marc:subfield code="0">(DE-615)6600405</marc:subfield>
      <marc:subfield code="a">Industriepolitik</marc:subfield>
      <marc:subfield code="2">fiva</marc:subfield>
    </marc:datafield>
    <marc:datafield tag="938" ind1="1" ind2="1">
      <marc:subfield code="0">(DE-627)1756166811</marc:subfield>
      <marc:subfield code="0">(DE-615)6610562</marc:subfield>
      <marc:subfield code="a">Neokolonialismus</marc:subfield>
      <marc:subfield code="2">fiva</marc:subfield>
    </marc:datafield>
    <marc:datafield tag="938" ind1="1" ind2="1">
      <marc:subfield code="0">(DE-627)1756218412</marc:subfield>
      <marc:subfield code="0">(DE-615)6600544</marc:subfield>
      <marc:subfield code="a">Status und Rolle im internationalen System</marc:subfield>
      <marc:subfield code="2">fiva</marc:subfield>
    </marc:datafield>
    <marc:datafield tag="938" ind1="1" ind2="1">
      <marc:subfield code="0">(DE-627)1756150818</marc:subfield>
      <marc:subfield code="0">(DE-615)6603154</marc:subfield>
      <marc:subfield code="a">Sicherheitspolitische Interessen</marc:subfield>
      <marc:subfield code="2">fiva</marc:subfield>
    </marc:datafield>
    <marc:datafield tag="938" ind1="1" ind2="1">
      <marc:subfield code="0">(DE-627)1756220069</marc:subfield>
      <marc:subfield code="0">(DE-615)6601542</marc:subfield>
      <marc:subfield code="a">Internationale wirtschaftliche Dominanz/Abhängigkeit</marc:subfield>
      <marc:subfield code="2">fiva</marc:subfield>
    </marc:datafield>
    <marc:datafield tag="951" ind1=" " ind2=" ">
      <marc:subfield code="a">BO</marc:subfield>
    </marc:datafield>
  </marc:record>
</marc:collection>
